000 01047namaa2200337 i 4500
003 EG-GICUC
005 20251112123158.0
008 251112s1979 nyua|||gr|||| 001 0 eng d
020 _a0812908325
020 _a9780812908329
040 _aEG-GiCUC
_beng
_cEG-GiCUC
_dEG-GiCUC
_erda
043 _aa-is---
_ama-----
082 0 4 _221
_a327.5694/017/4927
_bS1322q
092 0 4 _221
_a327.56940174927
_bS1322q
099 _a327.56940174927 S1322q
100 1 _aSaid, Edward W.
_eAuthor.
245 1 4 _aThe question of Palestine /
_cEdward W. Said.
264 _aNew York :
_bTimes Books,
_c1979.
300 _axix, 265 pages :
_bIllustrations ;
_c23 cm.
336 _2rdacontent
_atext
337 _2rdamedia
_aUnmediated
338 _2rdacarrier
_avolume
500 _aIncludes index.
504 _aBibliography: pages 239-242.
541 _aDr. Jabir Usfour ;
_bCairo ;
_cGift ;
_d2024.
650 1 _aJewish-Arab relations.
_2qrmak
650 1 _aPalestinian Arabs.
651 1 _2qrmak
905 _aAsmaa
942 _2ddc
_cBK
_e21
_n0
999 _c175790
_d175790